| 000 | 01557nam a2200385Ii 4500 | ||
|---|---|---|---|
| 001 | DIGNLEG0001 | ||
| 003 | NyNyDIG | ||
| 008 | 141014s2009 ck o 000 0 spa d | ||
| 006 | m o d | ||
| 007 | cr ||||||||||| | ||
| 035 | _a(OCoLC)896831577 | ||
| 040 |
_aDGITA _beng _erda _epn _cDIGITA |
||
| 020 | _z9789588371313 | ||
| 020 | _z9588371317 | ||
| 050 | 1 | 4 | _aHG4026 eBook |
| 100 | 1 |
_aOcampo Flórez, Edgar Dagoberto, _eauthor. |
|
| 245 | 1 | 0 |
_aAdministración financiera : _bbase para la toma de decisiones económicas y financieras / _cEdgar Dagoberto Ocampo Flórez. |
| 250 | _a2da. edición. | ||
| 264 | 1 |
_aBogotá, D.C. : _bGrupo Editorial Nueva Legislación Ltda., _c2009. |
|
| 300 | _a1 online resource (208 pages) | ||
| 336 |
_atext _btxt _2rdacontent |
||
| 337 |
_acomputer _bc _2rdamedia |
||
| 338 |
_aonline resource _bcr _2rdacarrier |
||
| 588 | 0 | _aOnline resource; title from ePub and PDF title page (Digitalia, viewed October 14, 2014) | |
| 650 | 0 |
_aBusiness enterprises _xFinance. |
|
| 650 | 0 |
_aCorporations _xFinance. |
|
| 650 | 0 | _aFinancial statements. | |
| 655 | 0 | _aElectronic books. | |
| 791 | 2 |
_aDigitalia (Firm), _edistributor. |
|
| 793 | 0 |
_gDigitalia eBook Collection: _aNueva Legislación |
|
| 776 | 0 | 8 |
_iPrint version: _aOcampo Flórez, Edgar Dagoberto. _tAdministración financiera. _b2da. edición. _dBogotá : Grupo Editorial Nueva Legislación Ltda., 2009 _z9789588371313 |
| 856 | 4 | 0 |
_3Digitalia Hispánica _uhttps://www.digitaliapublishing.com/a/13618/ |
| 910 | _aPremium Collection: 2014 | ||
| 942 | _cRAA | ||
| 999 |
_c233330 _d233330 |
||